000 03105nab a22006137a 4500
003 AR-RoUNA
022 _a03282384
040 _aAR-RoUNA
_bspa
041 _aspa
_hspa
044 _aag
110 _98413
_aSecretaria de Ciencia y Técnica.
_bBoletín de la Secretaria
245 _aCiencia y Tecnica
_hNº 10
_bBoletín de la Secretaría
260 _aBuenos Aires :
_bUP,
_c1994
300 _a73. p. :
_bplantas
_bfot. byn.
_c26x 20 cm
505 _tPANORAMA . p. 3
505 _aActo de la inauguración de la Escuela Superior Latinoamericana de Informática. p. 5
505 _aEl Instituto Nacional de Tecnología Industrial (INTI). p. 8
505 _tCONICET. p. 14
505 _aInstituto de Desarrollo Tecnológico para la Industria Química (INTEC) de Santa Fe. p. 14
505 _aPlanta Piloto de Ingeniería Química (PLAPIQUI) de Bahía Blanca. p.17
505 _aAbsorción de energía cósmica por el Cometa Hallery. p. 21
505 _aEstructura y dirección del CONICET. p. 23
505 _tCOORDINACION Y PLANIFICACION. p. 25
505 _aConvenio SECYT- COFIRENE. p. 25
505 _aForo nacional de micro aprovechamientos hidroeléctricas. p. 27
505 _aProyectos aprobados por el sistema de regionalización. p. 31
505 _aTaller sobre planificación y coordinación de actividades científicas - tecnológicas en misiones. p. 33
505 _tINFORMATICA. p. 35
505 _aNoticias de Programa Nacional de Electrónica e Informática. p. 35
505 _aSeminario sobre política y tendencias económicas y tecnológicas en información. p.37
505 _aIer. Congreso Federal de Informática en la Educación. p. 40
505 _aInformática y derechos individuales. p. 41
505 _tCOOPERACION INTERNACIONAL. p. 42
505 _aEncuentros internacionales sobre biotecnología: Foro Argentino - Brasileño y Encuentro Franco- Argentino sobre Biotecnología. p. 42
505 _aPrograma de Cooperación con Suecia. p. 51
505 _tBECAS , CURSOS Y REUNIONMES CIENTIFICAS. p. 53
505 _aIIdo. Encuentro de profesionales y técnicos de la actividad de control de Chagas y de atención primaria de la salud. p. 53
505 _aIIdo. Seminario Taller de investigación en ciencia sociales y salud. p. 57
505 _tDIVULGACION CIENTIFICA Y TECNOLOGICA. p. 62
505 _aVilma Stolfi de Rotolo: Productos químicos y sistema inmunológicos. p. 62
505 _aNuevas publicaciones de la SECYT. p. 65
505 _aPublicaciones recibidas. p. 66
505 _tDOCUMENTOS. p. 69
505 _aJuan Cesar García entrevista a Juan Cesar García. p. 69
505 _tFe de erratas. p. 73
650 _aArquitectura
_911395
650 _aCiencia
_911396
773 0 _aBoletín de la Secretaría: Ciencia y Técnica
_dBuenos Aires, Aller Atucha y Asociados. 1988
_gnro.10 (ago-1986), 73.p
_x03265773
856 _uwww.secyt.unlu.edu.ar
908 _aImp
942 _2udc
_cART
945 _aMBP
_d2018-06-12
980 _81
_gMaricel Allasia
_61
_aMaricel Allasia
999 _c12461
_d12461